| 000 | 00729 am a2200229 a 4500 | ||
|---|---|---|---|
| 005 | 20240222135400.0 | ||
| 008 | 100701s1997||||ag # f |||| 001 0 spa d | ||
| 020 | _a9508920386 | ||
| 041 | _aspa | ||
| 092 |
_c614.072 _l82 _sTES |
||
| 100 | 1 |
_aTesta, Mario. _924 |
|
| 245 |
_aSaber en salud. _bLa construcción del conocimiento / _cMario Testa. |
||
| 250 | _a1a ed. | ||
| 260 |
_aBuenos Aires: _bLugar Editorial; _c1997. |
||
| 300 | _a238 p. | ||
| 500 | _aTesta, M. (1997). Saber en salud. La construcción del conocimiento. (1a ed.). Buenos Aires : Lugar Editorial. | ||
| 590 | _aDonación Editorial Lugar, Nov. 2005 | ||
| 653 | _aSociología | ||
| 653 | _aComportamientos sociales | ||
| 930 | _a1358 | ||
| 942 |
_2ddc _cBK |
||
| 999 |
_c459 _d459 |
||